00546nam a2200181Ia 4500003000900000008004100009020001800050040001600068080001500084245008300099260003300182300001600215490003500231650004100266650001900307650001500326700002300341IN-BaIIA211028s9999 xx 000 0 eng d a0-306-41854-1 cIIA Library a539.1bAUT 0aAutoionizationcedited by Aaron Temkin  aNew YorkbPlenum Pressc1985 axiii, 261p. aPhysics of atoms and molecules aAstronomy and astrophysics thesaurus aAtomic physics aIonization aTemkin, Aaron, ed.